000
00226nam a2200085Ia 4500
245
0
_a
Handsome and Gruesome
100
_a
Anholt, Laurence London, 2009
_9
68488
942
_c
BK
008
210817s9999 xx 000 0 und d
999
_c
307167
_d
307166